TouchIT hard digitálny svet na dotyk
| Other Authors: | |
|---|---|
| Format: | Journal |
| Language: | Slovak |
| PhysicalDescription: | zv. 30 cm Online vydanie: Touch IT (Online) ISSN 1339-9497 |
| Published: |
Bratislava
Aston ITM
2015-
Bratislava TOUCHIT, s.r.o. |
| ISSN: | 1339-939X |
| Subjects: | |
| Online Access: | http://www.touchit.sk |
MARC
| LEADER | 00000cas a2200000 a 4500 | ||
|---|---|---|---|
| 001 | vtls010678835 | ||
| 003 | SK-MaSNL | ||
| 005 | 20260428155422.0 | ||
| 008 | 150513c20159999xo mr p 001 b0slo | ||
| 022 | |a 1339-939X | ||
| 040 | |a SVKPO |b slo |c SVKPO |d SVKBB |d SNK |e AACR2 | ||
| 041 | 0 | |a slo | |
| 044 | |a xo |c SK | ||
| 072 | 7 | |a 004.3 |x Počítače. Hardvér |2 konspekt | |
| 072 | 7 | |a 004 |x Počítačová veda. Výpočtová technika. Informačné technológie |2 konspekt | |
| 080 | |a 004.38 |2 2011 | ||
| 080 | |a 004 |2 2011 | ||
| 080 | |a 004-027.22 |2 2101 | ||
| 080 | |a (051)-048.55 |2 2011 | ||
| 080 | |a 050 |2 2011 | ||
| 210 | 0 | |a Touch IT |b (Tlačené vyd.) | |
| 222 | 0 | |a Touch IT |b (Tlačené vydanie) | |
| 245 | 0 | 0 | |a TouchIT hard |b digitálny svet na dotyk |
| 246 | 1 | 3 | |a Touch IT |f 3/2015- |
| 260 | |a Bratislava |b Aston ITM |c 2015- | ||
| 260 | 3 | |3 2017- |a Bratislava |b TOUCHIT, s.r.o. | |
| 300 | |a zv. |c 30 cm | ||
| 310 | |a 1x mesačne |b 2017- | ||
| 321 | |a 6x ročne |b 2015 | ||
| 321 | |a 10x ročne |b 2016 | ||
| 362 | 0 | |a Roč. 1, č. 1 (máj 2015) - | |
| 500 | |a Evidenčné číslo MK SR: EV 5176/15 | ||
| 500 | |a Šéfredaktor: 2015- , Ondrej Macko | ||
| 500 | |a Niektoré čísla vychádzajú ako dvojčísla | ||
| 515 | |a Č. 2-12/2020 majú chybne uvedený roč. 5 ; r. 2021 má chybne uvedený roč. 6 | ||
| 515 | |a Roky 2020 a 2021 majú uvedený rovnaký ročník 6 | ||
| 530 | |a Online vydanie: Touch IT (Online) ISSN 1339-9497 | ||
| 650 | 0 | 7 | |a počítače |2 SNKPH |9 2027 |
| 650 | 0 | 7 | |a informačné technológie |2 SNKPH |9 1527 |
| 650 | 0 | 7 | |a digitálne technológie |2 SNKPH |9 67495 |
| 655 | 7 | |a špecializované časopisy |2 SNKPH |9 70509 | |
| 700 | 1 | |a Macko, Ondrej |4 pbd |9 270160 | |
| 852 | |a Štátna vedecká knižnica v Banskej Bystrici | ||
| 856 | 4 | 1 | |u http://www.touchit.sk |
| 910 | |a snk | ||
| 910 | |a svkpo | ||
| 910 | |a svkbb | ||
| 916 | |a 2015-2018, 2019 | ||
| 999 | |c 6368 |d 8298 | ||
| 952 | |t č. 1-12 |a SNK |b SNK |y PREZ |7 0 |p 17A1523382 |o snkČSB 6419/7/2022 |i snk2024/7751 |8 0 |f 1 |0 0 |1 0 |4 0 |d 2024-05-17 |l 0 |r 2026-02-21 19:48:36 |w 2026-02-21 | ||
| 952 | |t č. 1-12 |a SNK |b SNK |y PREZ |7 0 |p 17A1523383 |o snkČSB 6419/8/2023 |i snk2024/7752 |8 0 |f 1 |0 0 |1 0 |4 0 |d 2024-05-17 |l 0 |r 2026-02-21 19:48:36 |w 2026-02-21 | ||
| 952 | |t č. 1-6 |a SNK |b SNK |y PREZ |7 0 |p 17A1557014 |o snkČSB 6419/6[7]/2021/1 D1 |i snk2025/9602 |8 0 |0 0 |1 0 |4 0 |d 2025-06-17 |l 0 |r 2026-02-21 19:51:14 |w 2026-02-21 | ||
| 952 | |t č. 7-12 |a SNK |b SNK |y PREZ |7 0 |p 17A1557015 |o snkČSB 6419/6[7]/2021/2 D1 |i snk2025/9604 |8 0 |0 0 |1 0 |4 0 |d 2025-06-17 |l 0 |r 2026-02-21 19:51:14 |w 2026-02-21 | ||
| 952 | |t č. 1-12 |a SNK |b SNK |y PREZ |7 0 |p 17A1557016 |o snkČSB 6419/7/2022 D1 |i snk2025/9605 |8 0 |0 0 |1 0 |4 0 |d 2025-06-17 |l 0 |r 2026-02-21 19:51:14 |w 2026-02-21 | ||
| 952 | |t č. 1-12 |a SNK |b SNK |y PREZ |7 0 |p 17A1557017 |o snkČSB 6419/8/2023 D1 |i snk2025/9607 |8 0 |0 0 |1 0 |4 0 |d 2025-06-17 |l 0 |r 2026-02-21 19:51:14 |w 2026-02-21 | ||
| 952 | |t č. 1-12 |a SNK |b SNK |y PREZ |7 0 |p 17A1557018 |o snkČSB 6419/9/2024 |i snk2025/9608 |8 0 |f 1 |0 0 |1 0 |4 0 |d 2025-06-17 |l 0 |r 2026-02-21 19:51:14 |w 2026-02-21 | ||
| 952 | |t č. 1-12 |a SNK |b SNK |y PREZ |7 0 |p 17A1557019 |o snkČSB 6419/9/2024 D1 |i snk2025/9609 |8 0 |0 0 |1 0 |4 0 |d 2025-06-17 |l 0 |r 2026-02-21 19:51:14 |w 2026-02-21 | ||
| 952 | |t č. 1-12 |a SNK |b SNK |y PREZ |7 0 |p 17A1462819 |o snkČSB 6419/6/2020 D1 |i snk2022/8558 |8 0 |0 0 |1 0 |4 0 |d 2022-05-25 |l 0 |r 2026-02-21 20:00:28 |w 2026-02-21 | ||
| 952 | |t č. 1-6 |a SNK |b SNK |y PREZ |7 0 |p 17A1461530 |o snkČSB 6419/5/2019/1 D1 |i snk2022/3529 |8 0 |0 0 |1 0 |4 0 |d 2022-03-07 |l 0 |r 2026-02-21 20:02:51 |w 2026-02-21 | ||
| 952 | |t č. 7-12, neúplné |a SNK |b SNK |y PREZ |7 0 |p 17A1461531 |o snkČSB 6419/5/2019/2 D1 |i snk2022/3530 |8 0 |z Chýba č. 12 |0 0 |1 0 |4 0 |d 2022-03-07 |l 0 |r 2026-02-21 20:02:51 |w 2026-02-21 | ||
| 952 | |t č. 1-12 |a SNK |b SNK |y PREZ |7 0 |p 17A1461532 |o snkČSB 6419/6/2020 |i snk2022/3532 |8 0 |f 1 |0 0 |1 0 |4 0 |d 2022-03-07 |l 0 |r 2026-02-21 20:02:51 |w 2026-02-21 | ||
| 952 | |t č. 1-6 |a SNK |b SNK |y PREZ |7 0 |p 17A1461533 |o snkČSB 6419/6[7]/2021/1 |i snk2022/3533 |8 0 |f 1 |0 0 |1 0 |4 0 |d 2022-03-07 |l 0 |r 2026-02-21 20:02:51 |w 2026-02-21 | ||
| 952 | |t č. 7-12 |a SNK |b SNK |y PREZ |7 0 |p 17A1461534 |o snkČSB 6419/6[7]/2021/2 |i snk2022/3534 |8 0 |f 1 |0 0 |1 0 |4 0 |d 2022-03-07 |l 0 |r 2026-02-21 20:02:51 |w 2026-02-21 | ||
| 952 | |t č. 1-10 |a SNK |b SNK |y PREZ |7 0 |p 17A1206992 |o snkČSB 6419/2/2016 |i snk2017/11810 |8 0 |f 1 |0 0 |1 0 |4 0 |d 2017-05-22 |l 0 |r 2026-02-21 20:13:41 |w 2026-02-21 | ||
| 952 | |t č. 1-6 |a SNK |b SNK |y PREZ |7 0 |p 17A1344297 |o snkČSB 6419/3/2017 1 D1 |i snk2019/10111 |8 0 |0 0 |1 0 |4 0 |d 2019-04-09 |l 0 |r 2026-02-21 21:58:55 |w 2026-02-21 | ||
| 952 | |t č. 7-12 |a SNK |b SNK |y PREZ |7 0 |p 17A1344298 |o snkČSB 6419/3/2017 2 D1 |i snk2019/10112 |8 0 |0 0 |1 0 |4 0 |d 2019-04-09 |l 0 |r 2026-02-21 21:58:55 |w 2026-02-21 | ||
| 952 | |t č. 1-6 |a SNK |b SNK |y PREZ |7 0 |p 17A1344299 |o snkČSB 6419/4/2018 1 |i snk2019/10115 |8 0 |f 1 |0 0 |1 0 |4 0 |d 2019-04-09 |l 0 |r 2026-02-21 21:58:55 |w 2026-02-21 | ||
| 952 | |t č. 7-12 |a SNK |b SNK |y PREZ |7 0 |p 17A1344300 |o snkČSB 6419/4/2018 2 |i snk2019/10118 |8 0 |f 1 |0 0 |1 0 |4 0 |d 2019-04-09 |l 0 |r 2026-02-21 21:58:55 |w 2026-02-21 | ||
| 952 | |t č. 1-6 |a SNK |b SNK |y PREZ |7 0 |p 17A1344301 |o snkČSB 6419/4/2018 1 D1 |i snk2019/10121 |8 0 |0 0 |1 0 |4 0 |d 2019-04-09 |l 0 |r 2026-02-21 21:58:55 |w 2026-02-21 | ||
| 952 | |t č. 7-12 |a SNK |b SNK |y PREZ |7 0 |p 17A1344302 |o snkČSB 6419/4/2018 2 D1 |i snk2019/10122 |8 0 |0 0 |1 0 |4 0 |d 2019-04-09 |l 0 |r 2026-02-21 21:58:55 |w 2026-02-21 | ||
| 952 | |t č. 1-10, neúplné |a SNK |b SNK |y PREZ |7 0 |p 17A1344294 |o snkČSB 6419/2/2016 D1 |i snk2019/10001 |8 0 |z Chýba č. 1 |0 0 |1 0 |4 0 |d 2019-04-08 |l 0 |r 2026-02-21 21:59:12 |w 2026-02-21 | ||
| 952 | |t č. 1-6 |a SNK |b SNK |y PREZ |7 0 |p 17A1344295 |o snkČSB 6419/3/2017 1 |i snk2019/10023 |8 0 |f 1 |0 0 |1 0 |4 0 |d 2019-04-08 |l 0 |r 2026-02-21 21:59:12 |w 2026-02-21 | ||
| 952 | |t č. 7-12 |a SNK |b SNK |y PREZ |7 0 |p 17A1344296 |o snkČSB 6419/3/2017 2 |i snk2019/10024 |8 0 |f 1 |0 0 |1 0 |4 0 |d 2019-04-08 |l 0 |r 2026-02-21 21:59:12 |w 2026-02-21 | ||
| 952 | |t č. 1-7 |a SNK |b SNK |y PREZ |7 0 |p 17A1206990 |o snkČSB 6419/1/2015 |i snk2017/11807 |8 0 |f 1 |0 0 |1 0 |4 0 |d 2017-05-22 |l 0 |r 2026-02-21 22:11:20 |w 2026-02-21 | ||
| 952 | |t č. 1-7 |a SNK |b SNK |y PREZ |7 0 |p 17A1206991 |o snkČSB 6419/1/2015 D1 |i snk2017/11809 |8 0 |0 0 |1 0 |4 0 |d 2017-05-22 |l 0 |r 2026-02-21 22:11:20 |w 2026-02-21 | ||
| 952 | |t č. 1-6 |a SNK |b SNK |y PREZ |7 0 |p 17A1432452 |o snkČSB 6419/5/2019/1 |i snk2020/19133 |8 0 |f 1 |0 0 |1 0 |4 0 |d 2020-10-20 |l 0 |r 2026-02-21 22:23:29 |w 2026-02-21 | ||
| 952 | |t č. 7-12, neúplné |a SNK |b SNK |y PREZ |7 0 |p 17A1432451 |o snkČSB 6419/5/2019/2 |i snk2020/19134 |8 0 |z Chýba č. 12 |f 1 |0 0 |1 0 |4 0 |d 2020-10-20 |l 0 |r 2026-02-21 22:23:29 |w 2026-02-21 | ||


